<?xml version="1.0" encoding="UTF-8"?>
<resp>
  <nextPage>https://data.bn.org.pl/api/networks/bibs.marcxml?marc=001+b00001150003872&amp;sinceId=1150003873</nextPage>
  <collection>
    <record xmlns='http://www.loc.gov/MARC21/slim'><leader>01018namZa2200325ZiZ4500</leader><controlfield tag='001'>b00001150003872</controlfield><controlfield tag='005'>20241203214640.9</controlfield><controlfield tag='008'>230609s        pl           |000 0 pol c</controlfield><controlfield tag='009'>9913262216905606</controlfield><datafield ind1=' ' ind2=' ' tag='020'><subfield code='a'>837082529X</subfield></datafield><datafield ind1=' ' ind2=' ' tag='035'><subfield code='a'>KR_1KR_1_20120318002200079070-48omnis_kr</subfield></datafield><datafield ind1=' ' ind2=' ' tag='035'><subfield code='a'>KR_1_20120318002200079070</subfield><subfield code='9'>ExL</subfield></datafield><datafield ind1=' ' ind2=' ' tag='035'><subfield code='a'>(PL)b00001150003872</subfield></datafield><datafield ind1=' ' ind2=' ' tag='040'><subfield code='a'>KR_1</subfield><subfield code='c'>KR_1</subfield></datafield><datafield ind1='1' ind2=' ' tag='041'><subfield code='a'>pol</subfield><subfield code='h'>eng</subfield></datafield><datafield ind1='1' ind2=' ' tag='100'><subfield code='a'>Cartland, Barbara</subfield><subfield code='d'>(1902- )</subfield></datafield><datafield ind1='1' ind2='0' tag='245'><subfield code='a'>Zemsta lorda /</subfield><subfield code='c'>Barbara Cartland ; przeł. Teresa Olczak.</subfield></datafield><datafield ind1=' ' ind2=' ' tag='260'><subfield code='a'>Warszawa :</subfield><subfield code='b'>&quot;Amber&quot;,</subfield><subfield code='c'>1995.</subfield></datafield><datafield ind1=' ' ind2=' ' tag='300'><subfield code='a'>207 s. ;</subfield><subfield code='c'>18 cm.</subfield></datafield><datafield ind1='1' ind2=' ' tag='490'><subfield code='a'>Najpiękniejsze Miłości ;</subfield><subfield code='v'>122</subfield></datafield><datafield ind1=' ' ind2=' ' tag='500'><subfield code='a'>d</subfield></datafield><datafield ind1=' ' ind2='9' tag='650'><subfield code='a'>Powieść angielska</subfield><subfield code='y'>20 w.</subfield></datafield><datafield ind1='1' ind2=' ' tag='700'><subfield code='a'>Olczak, Teresa</subfield><subfield code='e'>Tł.</subfield></datafield><datafield ind1=' ' ind2=' ' tag='852'><subfield code='b'>48OMNIS_NETWORK</subfield><subfield code='8'>9913262216905606</subfield></datafield><datafield ind1=' ' ind2=' ' tag='852'><subfield code='b'>48OMNIS_KR</subfield><subfield code='8'>991000038709708216</subfield></datafield><datafield ind1=' ' ind2=' ' tag='852'><subfield code='8'>225416560008216</subfield><subfield code='j'>1</subfield><subfield code='b'>KR_6_2</subfield><subfield code='p'>256000117303</subfield><subfield code='c'>BLIN_KS</subfield></datafield><datafield ind1=' ' ind2=' ' tag='920'><subfield code='a'>83-7082-529-X</subfield></datafield></record>
  </collection>
</resp>
